00430nam a2200181 a 450000100060000000300090000600800410001502000150005604000280007108200180009910000230011724500130014026000370015330000100019049000230020065000120022365000130023519800CO-ViMGA141112s2004 ck r 000 u spa d a8434222000 aCO-ViMGAbspacCO-ViMGA04a731.43 Ch181m1 aChavarria, Joaquim10aModelado aBarcelona : bParramón, c1998 a64 p. aAula de cerámica14aARCILLA14aMODELADO